All Nations that had Formula 1 Driver - Statistics

General Stats
  • This quiz has been taken 248 times
  • The average score is 28 of 39
Answer Stats
Number of drivers Nation % Correct
71 France
98%
145 United Kingdom
97%
31 Brazil
94%
83 Italy
94%
58 USA
94%
48 Germany
92%
14 Australia
89%
8 Finland
89%
18 Japan
89%
1 China
88%
13 Spain
88%
13 Canada
87%
6 Mexico
87%
22 Argentina
85%
16 Netherlands
85%
4 Russia
84%
14 Austria
83%
3 Monaco
79%
10 Sweden
79%
20 Belgium
78%
3 Portugal
78%
2 India
74%
10 New Zealand
73%
17 South Africa
71%
1 Poland
70%
2 Colombia
67%
22 Switzerland
67%
4 Denmark
64%
1 Chile
61%
2 Thailand
61%
4 Ireland
60%
1 Hungary
56%
3 Venezuela
56%
1 Czech Republic
39%
1 Indonesia
39%
1 Malaysia
34%
3 Uruguay
28%
1 Liechtenstein
19%
3 Rhodesia
14%
No matching quizzes found
Score Distribution
Percent of People with Each Score
Percentile by Number Answered
Your Score History
You have not taken this quiz